| 000 | 00812nam a2200241 a 4500 | ||
|---|---|---|---|
| 001 | BRCA_1724 | ||
| 005 | 20190320203526.0 | ||
| 008 | 100011s1998 mx-a---###---#000-0#spa-# | ||
| 020 | _a9688910201 | ||
| 040 |
_aDLC _cDLC _dDLC |
||
| 041 |
_aengspa _hspa |
||
| 050 | 4 |
_aF1391 _b.E45 1998 |
|
| 100 | 1 |
_aElizondo Elizondo, Ricardo _95331 |
|
| 245 | 1 | 0 |
_aPolvo de aquellos lodos _cRicardo Elizondo Elizondo ; traducción Susan Moreira. |
| 260 |
_aMonterrey, Nuevo León _b[Castillo] _c1998 |
||
| 300 |
_a109 p. _bil. _c23 cm. |
||
| 546 | _aTexto en : inglés y español | ||
| 651 | 4 |
_aMonterrey (México) _vTrabajos Ilustrados _xVida social y costumbres _ySiglo XX _95392 |
|
| 651 | 4 |
_aMonterrey (México) _vTrabajos Ilustrados _95393 |
|
| 653 | 0 | _aVida cotidiana | |
| 700 | 1 |
_aMoreira, Susan _95394 |
|
| 942 |
_2lcc _cB |
||
| 999 |
_c1513 _d1513 |
||